00402nam a22001577a 4500003000400000008004100004020001800045082001700063100002100080245005700101250001200158260002700170300000800197700001900205700002000224OSt240423b |||||||| |||| 00| 0 eng d a9789353506384 a658.1554 REI a REILLY, Frank K aAnalysis of Investments and Management of Portfolios a11th Ed bCengage Learningc2023 a766 aBROWN, Keith C aLEEDS,Sanford J